000 00879nam a2200253 4500
001 0000012850
005 20250329172018.0
007 ta
008 160627s1996 000 0 eng d
020 _a9586145220
040 _aCO-CtgCURN
_bspa
_ccoctgcurn
082 0 _aR621.1
_bE76d
110 2 _aEspasa.
245 1 0 _aDiccionario :
_bespañol ingles - ingles español, de sistemas computacion electronica electricidad /
_cEspasa.
250 _a2a ed.
260 1 _aBogotá : :
_bEspasa,,
_c1996.
300 _a448 p.
500 _aIncluye indice.
505 8 _aDiccionario de computacion.--Computacion diccionario.--Sistemas.--Computacion.--Electronica.--Electricidad
650 1 4 _aEspañol
_vDiccionarios, enciclopedias, etc.
_xIngles.
908 _a160627
942 _cREF
_hR621.1
_iE76d
999 _c7360
_d7360